书目信息 |
| 题名: |
路德维希.凡.贝多芬:杰出的音乐家
|
|
| 作者: | 廖丽玲 译 | |
| 分册: | ||
| 出版信息: | 北京 世界知识出版社 1998.01 |
|
| 页数: | 163页 | |
| 开本: | 32开 | |
| 丛书名: | ||
| 单 册: | ||
| 中图分类: | K835.165.7 | |
| 科图分类: | ||
| 主题词: | 历史 , 地理 | |
| 电子资源: | ||
| ISBN: | 7-5012-0937-5 | |
| 000 | 00576nam0 2200193 45 | |
| 001 | 0007301053 | |
| 005 | 20000730104343.5 | |
| 010 | @a7-5012-0937-5@d8.50元 | |
| 100 | @a20000730d1998 km y0chiy0120 ea | |
| 101 | 0 | @achi |
| 200 | 1 | @a路德维希.凡.贝多芬:杰出的音乐家@ALu De Wei Xi.Fan.Bei Duo Fen:Jie Chu De Yin Yue Jia@f廖丽玲 译@FLiao Li Ling Yi |
| 210 | @a北京@c世界知识出版社@d1998.01 | |
| 215 | @a163页@d32开 | |
| 606 | 0 | @a历史 |
| 606 | 0 | @a地理 |
| 690 | @aK835.165.7@v3 | |
| 701 | 0 | @a廖丽玲@4译 |
| 801 | @aCN@bPftUser@c20000730 | |
| 905 | @b83483-487@dK835.165.7@eB369@f5 | |
| 路德维希.凡.贝多芬:杰出的音乐家/廖丽玲 译.-北京:世界知识出版社,1998.01 |
| 163页;32开 |
| ISBN 7-5012-0937-5:8.50元 |
| ● |
| 相关链接 |
|
|
|
正题名:路德维希·凡·贝多芬:杰出的音乐家
索取号:K835.165.7/B369
 
预约/预借
| 序号 | 登录号 | 条形码 | 馆藏地/架位号 | 状态 | 备注 |
| 1 | 83438 | 200834384 | 社科库309/309社科库 100排3列6层/ [索取号:K835.165.7/B369] | 在馆 | |
| 2 | 83439 | 200834393 | 社科库309/309社科库 6排1列4层/ [索取号:K835.165.7/B369] | 在馆 | |
| 3 | 83440 | 200834400 | 社科库309/309社科库 6排1列4层/ [索取号:K835.165.7/B369] | 在馆 | |
| 4 | 83441 | 200834419 | 社科库309/309社科库 8排4列5层/ [索取号:K835.165.7/B369] | 在馆 |